00562nam a2200181Ia 4500008004100000020001500041082001500056100002900071245006700100250000600167260002400173300001600197500002400213650002400237942000700261952009500268999001700363230524s9999 xx 000 0 und d a8179925919 a523.1bHaw aStephen w Hawking945116 4aThe Theory of Everything : the origin and fate of the universe a1 aMumbaibJaicoc2009 a"vii,132p;" aQuantity Number: 1 aMiscellaneous91877 cBK 00104070aTATCLbTATCLcGENd2023-05-24l0o523.1 Hawp60738r2023-05-24w2023-05-24yBK c60738d60738